| 000 | 00736nam a2200217Ia 4500 | ||
|---|---|---|---|
| 003 | OSt | ||
| 005 | 20250821143554.0 | ||
| 008 | Pun | ||
| 020 | _a9788175991798 (hbk) | ||
| 037 | _cTB | ||
| 040 |
_aARTS _cARTS _bPun |
||
| 041 |
_2Pun _aPun |
||
| 084 |
_aO153,1N25w P9 _qAL |
||
| 100 |
_aਨੇਕੀ, ਜਸਵੰਤ ਸਿੰਘ _9156315 |
||
| 245 | 0 | _aਜਿਨ੍ਹ ਦਿਸੰਦੜਿਆ ਦੁਰਮਤਿ ਵੰਞੈ | |
| 260 |
_aਨਵੀ ਦਿੱਲੀ _b ਨਵਯੁਗ _c2009 |
||
| 300 |
_a216ਪੰ _ccm. |
||
| 650 | _aਪੰਜਾਬੀ ਸਾਹਿਤ | ||
| 942 |
_hO153,1N25w P9 _cTB _2CC _n0 |
||
| 999 |
_c297626 _d297626 |
||